100 mẹo và tiện ích trong Linux
Nội dung giới thiệu căn bản về Server, các bản sao lưu dự phòng, tạo mạng, giám sát, tạo Script, các server thông tin. Trên cơ sở đó sách tập hợp 100 mẹo cung cấp các thủ thuật và công cụ vốn giải quyết các sự cố thực tế cho các nhà quản tr...
Wedi'i Gadw mewn:
| Prif Awdur: | |
|---|---|
| Fformat: | Llyfr |
| Iaith: | Undetermined |
| Cyhoeddwyd: |
Hà Nội
Thống kê
2004
|
| Pynciau: | |
| Tagiau: |
Ychwanegu Tag
Dim Tagiau, Byddwch y cyntaf i dagio'r cofnod hwn!
|
| Thư viện lưu trữ: | Trung tâm Học liệu Trường Đại học Cần Thơ |
|---|
| LEADER | 00950nam a2200193Ia 4500 | ||
|---|---|---|---|
| 001 | CTU_106159 | ||
| 008 | 210402s9999 xx 000 0 und d | ||
| 020 | |c 23000 | ||
| 082 | |a 005.758 | ||
| 082 | |b T502 | ||
| 100 | |a Nguyễn, Ngọc Tuấn | ||
| 245 | 0 | |a 100 mẹo và tiện ích trong Linux | |
| 245 | 0 | |c Nguyễn Ngọc Tuấn, Hồng Phúc | |
| 260 | |a Hà Nội | ||
| 260 | |b Thống kê | ||
| 260 | |c 2004 | ||
| 520 | |a Nội dung giới thiệu căn bản về Server, các bản sao lưu dự phòng, tạo mạng, giám sát, tạo Script, các server thông tin. Trên cơ sở đó sách tập hợp 100 mẹo cung cấp các thủ thuật và công cụ vốn giải quyết các sự cố thực tế cho các nhà quản trị Linux. | ||
| 650 | |a Linux (tệp máy tính),Linux (Computer file) | ||
| 980 | |a Trung tâm Học liệu Trường Đại học Cần Thơ | ||